00492nam a22001337a 4500040000900000082002100009100003400030245005700064260003900121650005700160942001200217999001900229952011000248 cNUST a342.5491029bMUH aMuhammad Abdul Basit 9124799 aThe Constitution of the Islamic Republic of Pakistan aLahore:bFederal Law House,c2021. 2The Constitution of the Islamic Republic of Pakistan 2ddccBK c610590d610590 00102ddc4070aCEMEbCEMEcGENd2024-07-25l0o342.5491029 MUHpCEME- 50893r2024-07-25w2024-07-25yBK